Ezer rózsa, és száz hegedű

Bibliographic Details
Main Authors: Havasi, Péter, 1950- (Author, Interviewer), Halasi, Imre (Author)
Format: Article
Language:Hungarian
PhysicalDescription:Fotogr.
Subjects:

MARC

LEADER 00000nab a2200000 a 4500
001 vtls009289276
003 SK-MaSNL
005 20260318123849.0
008 080424|2008 xo m| | |00 0|hun
038 |a KEVKJB 
040 |a KEVKJB  |b slo  |c KEVKJB  |e AACR2 
041 0 |a hun 
044 |a xo  |c SK 
080 |a 792(=511.141)  |2 2001 
100 1 |a Havasi, Péter,  |d 1950-  |4 ivr  |4 aut  |9 473075 
245 1 0 |a Ezer rózsa, és száz hegedű  |c Havasi Péter 
300 |b Fotogr. 
610 2 7 |a Miskolci Nemzeti Színház  |2 kevkjb  |9 31596 
651 7 |a Košice (Slovensko)  |2 kevkjb  |9 18694 
700 1 |a Halasi, Imre  |4 ive  |4 aut  |9 1244791 
773 0 |t Kassai Figyelő  |g Évf. VI, sz. 4 (2008), o. 20-21 
852 |a KEVKJB  |b KIS3GCP 
958 |a HU 
999 |c 2273213  |d 2275143